Dalam kesempitan ada kesempatan
| Main Author: | |
|---|---|
| Format: | Book |
| Published: |
Kuala Lumpur :
SN Future Enterprise ,
1998
|
| Subjects: |
MARC
| LEADER | 00000cam a2200000 7i4500 | ||
|---|---|---|---|
| 001 | 0000008509 | ||
| 005 | 20021202.0 | ||
| 020 | |a 9832007070 | ||
| 040 | |a INS | ||
| 090 | 0 | 0 | |a HF5386. |b R39 1998 |
| 100 | 0 | |a Razzi Armansur | |
| 245 | 1 | 0 | |a Dalam kesempitan ada kesempatan |c Razzi Armansur |
| 260 | |a Kuala Lumpur : |b SN Future Enterprise , |c 1998 | ||
| 300 | |a 126ms. ; |c 23cm. | ||
| 650 | 0 | 0 | |a Marketing |
| 650 | 0 | 0 | |a Multilevel marketing |z Malaysia |
| 650 | 0 | 0 | |a Success in business |z Malaysia |
| 999 | |a 0000007980 |b BOOK |c Open Shelf |e Default branch | ||